00467nam a22001337a 4500003000500000038001800005082000800023100002400031245011800055264003500173650003200208700003500240856005800275NUST aNusrat Nadeem a200 aAli, Muhammad Aadil aDesign of optimized nonlinear controllers for the attitude control of an octocopter system/cMuhammad Aadil Ali,  aIslamabad:bSEECS NUST.c2025. aMS- Electrical Engineering  aSupervisor: Dr. Iftikhar Ahmad u http://10.250.8.41:8080/xmlui/handle/123456789/54464